00260pab a2200109 454500008004000000245003700040260000900077300001100086362001100097650002200108773002000130180718b1998 xxu||||| |||| 00| 0 eng d aRemembering Dr. S. Radhakrishnan c1998 ap.1-4. a28 Sep aRadhakrishnan, S. aUniversity News